00699nam a22002172 4500001001100000005001700011008004100028020001700069040001500086100003500101245011900136250001300255260003400268300001700302650003800319650004600357700003500403700003700438852000300475852000300478000002098520151021152602.0120106s xx 000 0 eng d a007128480x : aKABUcKABU1 aBrickley, James A.@000018170110aManagerial economics and organizational architecture /cJames A. Brickley, Clifford W. Smith, Jerold L. Zimmerman. a5th ed. aBoston :bMcGraw-Hill,c2009. axxi, 714 p. 0aManagerial economics.@0000150546 0aOrganizational effectiveness.@00001506121 aSmith, Clifford W.@00001817021 aZimmerman, Jerold L.@00001517821 1